Trump ou Poutine ? - Statistiques

Statistiques générales
  • Ce quiz a été pris 628 fois
  • Le résultat moyen est 9 sur 15
Statistiques - réponses
Question Réponse % Correct
"Nous allons créer des emplois. J'ai dit que serai le plus grand créateur d'emplois que Dieu ait jamais créé. Je le pense vraiment." Trump
92%
"J'ai des amis musulmans, ce sont des gens très bien, mais ils savent qu'il y a un problème, et on ne peut plus le tolérer" Trump
88%
"Il vaut mieux être pendu pour la loyauté que d'être récompensé pour trahison." Poutine
86%
"Une partie de ma beauté, c'est que je suis riche" Trump
83%
"Plus je connais les gens, plus j'aime les chiens." Poutine
78%
"Vous pouvez faire beaucoup plus avec des armes et de la politesse que juste de la politesse." Poutine
69%
"Si Ivanka n'était pas ma fille, je sortirais peut-être avec elle ! Je trouve qu'elle a un joli visage." Trump
64%
"Ceux qui combattent la corruption devraient être eux-mêmes propres." Poutine
63%
"Je pense que c'est scandaleux, scandaleux, que les agences de renseignement aient permis (la publication) d'une information, qui s'est révélée être erronée et fausse. C'est le genre de choses que l'Allemagne nazie faisait." Trump
62%
"Je ne veux pas utiliser le mot 'niquer', mais j'ai bien niqué Kadhafi." Trump
51%
"Je ne regrette rien. J'ai tout fait correctement." Poutine
50%
"Berlusconi est jugé parce qu'il vit avec des femmes. S'il était homosexuel, personne n'aurait levé le petit doigt contre lui." Poutine
45%
"Nous poursuivrons les terroristes partout (...). Si on les prend dans les toilettes, eh bien, excusez-moi, on les butera dans les chiottes." Poutine
33%
"Il vaut mieux ne pas discuter avec les femmes." Poutine
31%
"Quand quelqu'un vous attaque, ripostez. Soyez brutal, soyez féroce." Trump
21%
Aucun quiz correspondant
Distribution des résultats
% des personnes avec chaque résultat
Percentile par nombre de réponses
Votre historique - résultats
Vous n’avez pas pris ce quiz